Tour de France 2024 - All Stage Winners - Statistics

General Stats
  • This quiz has been taken 360 times
  • The average score is 19 of 21
Answer Stats
Stage Winner Team % Correct
4 Tadej Pogačar UAE Team Emirates
100%
14 Tadej Pogačar UAE Team Emirates
100%
15 Tadej Pogačar UAE Team Emirates
100%
19 Tadej Pogačar UAE Team Emirates
100%
20 Tadej Pogačar UAE Team Emirates
100%
21 (ITT) Tadej Pogačar UAE Team Emirates
100%
11 Jonas Vingegaard Team Visma / Lease a bike
97%
10 Jasper Philipsen Alpecin-Deceuninck
96%
13 Jasper Philipsen Alpecin-Deceuninck
96%
16 Jasper Philipsen Alpecin-Deceuninck
96%
3 Biniam Girmay Intermarché-Wanty
95%
8 Biniam Girmay Intermarché-Wanty
95%
12 Biniam Girmay Intermarché-Wanty
95%
7 (ITT) Remco Evenepoel Soudal - Quick Step
91%
1 Romain Bardet Team dsm-firmenich PostNL
89%
5 Mark Cavendish Astana Qazakstan Team
83%
17 Richard Carapaz EF Education-EasyPost
81%
9 Anthony Turgis TotalEnergies
69%
2 Kevin Vauquelin Arkéa-B&B Hotels
66%
6 Dylan Groenewegen Team Jayco AlUla
62%
18 Victor Campenaerts Lotto-Dstny
60%
No matching quizzes found
Score Distribution
Percent of People with Each Score
Percentile by Number Answered
Your Score History
You have not taken this quiz